<?xml version="1.0" encoding="UTF-8"?>
<collection xmlns="http://www.loc.gov/MARC21/slim">
 <record>
  <leader>00591pamaa2200193   4500</leader>
  <controlfield tag="001">0000034771</controlfield>
  <controlfield tag="005">20100609090000.0</controlfield>
  <datafield tag="020" ind1="0" ind2="0">
   <subfield code="a">007121061X </subfield>
  </datafield>
  <datafield tag="082" ind1=" " ind2=" ">
   <subfield code="a">158.7 DEJ 2002</subfield>
  </datafield>
  <datafield tag="090" ind1="0" ind2="0">
   <subfield code="a">HD58.7 </subfield>
   <subfield code="b">DEJ 2002</subfield>
  </datafield>
  <datafield tag="100" ind1="1" ind2="0">
   <subfield code="a">De Janasz </subfield>
  </datafield>
  <datafield tag="245" ind1="1" ind2="0">
   <subfield code="a">Interpersonal skills in organizations  </subfield>
   <subfield code="c">Suzanne C. De Janasz, Karen O. Dowd, Beth Z. Schneider.</subfield>
  </datafield>
  <datafield tag="260" ind1="0" ind2="0">
   <subfield code="a">Boston: </subfield>
   <subfield code="b">McGraw-Hill, </subfield>
   <subfield code="c">2002.</subfield>
  </datafield>
  <datafield tag="300" ind1=" " ind2=" ">
   <subfield code="a">xvii, 445p.; </subfield>
   <subfield code="c">28cm.</subfield>
  </datafield>
  <datafield tag="650" ind1="0" ind2="0">
   <subfield code="a">Psychology -- </subfield>
   <subfield code="x">Industrial </subfield>
  </datafield>
  <datafield tag="650" ind1="0" ind2="0">
   <subfield code="a">Organizational behavior </subfield>
  </datafield>
  <datafield tag="650" ind1="0" ind2="0">
   <subfield code="a">Interpersonal relations </subfield>
  </datafield>
  <datafield tag="700" ind1="1" ind2="1">
   <subfield code="a">DOWD, </subfield>
   <subfield code="h">Karen O </subfield>
  </datafield>
  <datafield tag="700" ind1="1" ind2="1">
   <subfield code="a">Schneider, </subfield>
   <subfield code="h">Beth Z </subfield>
  </datafield>
 </record>
</collection>
